| 000 | 00322 a2200121 4500 | ||
|---|---|---|---|
| 001 | 86576 | ||
| 082 | _a398.2 LOK | ||
| 090 |
_c40753 _d40753 |
||
| 100 | _aSalamat Ali | ||
| 245 |
_aPreservation of Pakistani Cultural Folklore (Audio CD) _hAudio CD |
||
| 260 |
_aLok Virsa _bLok Virsa Islamabad _c2012 |
||
| 500 | _aLok Virsa | ||
| 942 |
_aCAENUST _k398.2 LOK |
||
| 999 |
_c321649 _d321649 |
||